Đạo đức học
Tổng quan về đạo đức học. Mối quan hệ giữa đạo đức và các hình thái ý thức xã hội. Một số phạm trù cơ bản của đạo đức học. Trình bày những truyền thống đạo đức tốt đẹp của dân tộc ta và vấn đề giáo dục đạo đức cho học sinh phổ thông cũng như học tập, tu dưỡng đạo đức cách mạng của chủ tịch Hồ Chí Mi...
Wedi'i Gadw mewn:
| Prif Awdur: | |
|---|---|
| Awduron Eraill: | |
| Fformat: | Llyfr |
| Iaith: | Vietnamese |
| Cyhoeddwyd: |
H.
Đại học Sư phạm
2010
|
| Rhifyn: | In lần thứ 4 |
| Pynciau: | |
| Tagiau: |
Ychwanegu Tag
Dim Tagiau, Byddwch y cyntaf i dagio'r cofnod hwn!
|
| Thư viện lưu trữ: | Mạng thư viện Đại học Đà Nẵng |
|---|
| LEADER | 01678nam a2200337 4500 | ||
|---|---|---|---|
| 001 | 000019680 | ||
| 003 | 16119 | ||
| 005 | 20140821150831.0 | ||
| 008 | 140721s2010 viesd | ||
| 020 | |c 17500đ | ||
| 041 | 0 | |a vie | |
| 082 | 1 | 4 | |a 370.114 |b PH-C |
| 100 | 1 | |a Phạm, Khắc Chương | |
| 245 | 1 | 0 | |a Đạo đức học |c Phạm Khắc Chương, Nguyễn Thị Yến Phương |
| 250 | |a In lần thứ 4 | ||
| 260 | |a H. |b Đại học Sư phạm |c 2010 | ||
| 300 | |a 161 tr. |c 21 cm. | ||
| 520 | 3 | |a Tổng quan về đạo đức học. Mối quan hệ giữa đạo đức và các hình thái ý thức xã hội. Một số phạm trù cơ bản của đạo đức học. Trình bày những truyền thống đạo đức tốt đẹp của dân tộc ta và vấn đề giáo dục đạo đức cho học sinh phổ thông cũng như học tập, tu dưỡng đạo đức cách mạng của chủ tịch Hồ Chí Minh. Giới thiệu một số phương pháp giảng dạy và giáo dục đạo đức cho học sinh trong nhà trường phổ thông | |
| 650 | 0 | 4 | |a Đạo đức học |x Dạy và học |
| 653 | |a Đạo đức học | ||
| 700 | |a Nguyễn Thị Yến Phương |e Tác giả | ||
| OWN | |a LSP | ||
| AVA | |a UDN50 |b LSP |d 370.114 PH-C |e available |t Error 5001 Not defined in file expand_doc_bib_avail. |f 10 |g 0 |h N |i 4 |k 1 | ||
| 999 | |a From the UDN01 | ||
| AVA | |a UDN50 |b LSP |d 370.114 PH-C |e available |t Error 5001 Not defined in file expand_doc_bib_avail. |f 10 |g 0 |h N |i 4 |k 1 | ||
| TYP | |a Monograph | ||
| TYP | |a Printed language | ||
| 980 | |a Mạng thư viện Đại học Đà Nẵng | ||